Перейти до змісту

Механика в задачах учебно-методическое пособие для вузов

Пособие предназначено для студентов технических специальностей, изучающих курс общей физики. В нём разобраны решения задач различной сложности по всем основным темам из раздела "Механика" курса общей физики. Пособие рассчитано на применение совместно с учебниками по курсу общей физики И.В....

Повний опис

Збережено в:
Бібліографічні деталі
Автор: Лисицын С. Г.
Формат: Книга
Мова:Russian
Опубліковано: Москва НИЯУ МИФИ 2011
Онлайн доступ:http://e.lanbook.com/books/element.php?pl1_id=75902
https://e.lanbook.com/img/cover/book/75902.jpg
Теги: Додати тег
Немає тегів, Будьте першим, хто поставить тег для цього запису!
LEADER 01799nam0a2200277 i 4500
001 75902
003 RuSpLAN
005 20221220173950.0
008 221220s2011 ru gs 000 0 rus
020 |a 978-5-7262-1520-4 
040 |a RuSpLAN 
041 0 |a rus 
044 |a ru 
080 |a 530.1 
084 |a 22.3  |2 rubbk 
245 0 0 |a Механика в задачах  |b учебно-методическое пособие для вузов  |c Лисицын С. Г. 
260 |a Москва  |b НИЯУ МИФИ  |c 2011 
300 |a 156 с. 
500 |a Рекомендовано УМО «Ядерные физика и технологии» в качестве учебно-методического пособия для студентов высших учебных заведений 
504 |a Библиогр.: доступна в карточке книги, на сайте ЭБС Лань 
520 8 |a Пособие предназначено для студентов технических специальностей, изучающих курс общей физики. В нём разобраны решения задач различной сложности по всем основным темам из раздела "Механика" курса общей физики. Пособие рассчитано на применение совместно с учебниками по курсу общей физики И.В. Савельева и И.Е. Иродова. 
521 8 |a Книга из коллекции НИЯУ МИФИ - Физика 
100 1 |a Лисицын С. Г. 
856 4 |u http://e.lanbook.com/books/element.php?pl1_id=75902 
856 4 8 |u https://e.lanbook.com/img/cover/book/75902.jpg 
953 |a https://e.lanbook.com/img/cover/book/75902.jpg